Prenatal care. (Record no. 90915)

MARC details
000 -LEADER
fixed length control field 00950cam a22002651 4500
001 - CONTROL NUMBER
control field ss 49000008
003 - CONTROL NUMBER IDENTIFIER
control field DLC
005 - DATE AND TIME OF LATEST TRANSACTION
control field 20260227112751.0
008 - FIXED-LENGTH DATA ELEMENTS--GENERAL INFORMATION
fixed length control field 750912s1949 xx f000 0 eng c
010 ## - LIBRARY OF CONGRESS CONTROL NUMBER
LC control number ss 49000008
035 ## - SYSTEM CONTROL NUMBER
System control number (OCoLC)1621114
040 ## - CATALOGING SOURCE
Original cataloging agency U. S. Social Security Administration. Library
Transcribing agency FM
Modifying agency OCoLC
-- DLC
042 ## - AUTHENTICATION CODE
Authentication code premarc
050 00 - LIBRARY OF CONGRESS CALL NUMBER
Classification number RG525
Item number .U55 1949
082 ## - DEWEY DECIMAL CLASSIFICATION NUMBER
Classification number 362.15
110 1# - MAIN ENTRY--CORPORATE NAME
Corporate name or jurisdiction name as entry element United States.
Subordinate unit Children's Bureau.
245 10 - TITLE STATEMENT
Title Prenatal care.
Statement of responsibility, etc. Completely rewritten, 1949.
260 ## - PUBLICATION, DISTRIBUTION, ETC.
Place of publication, distribution, etc. [Washington,
Name of publisher, distributor, etc. U.S. Govt. Print. Off.]
Date of publication, distribution, etc. 1949.
300 ## - PHYSICAL DESCRIPTION
Extent iv, 76 p.
Other physical details illus.
Dimensions 23 cm.
490 1# - SERIES STATEMENT
Series statement Its Publication
Volume/sequential designation no. 4
500 ## - GENERAL NOTE
General note "This bulletin was written by Dr. Ann DeHuff Peters under the direction of Dr. Katherine Bain."
500 ## - GENERAL NOTE
General note "Suggested reading on pregnancy and baby care": p. [4] of cover.
700 1# - ADDED ENTRY--PERSONAL NAME
Personal name Peters, Ann De Huff.
810 1# - SERIES ADDED ENTRY--CORPORATE NAME
Corporate name or jurisdiction name as entry element United States.
Subordinate unit Children's Bureau
-- Publication
Volume/sequential designation no. 4.

No items available.

Powered by Koha